Statistics for German - Dative Prepositions

Click here to take the quiz!

General Stats

  • This quiz has been taken 59 times
  • The average score is 7 of 9

Answer Stats

HintAnswer% Correct
from, ofvon
100%
tozu
100%
out of, fromaus
95%
withmit
95%
to (place), after (time)nach
80%
sinceseit
80%
with/atbei
70%
oppositegegenüber
45%
exceptaußer
40%

Score Distribution

Percentile by Number Answered

Percent of People with Each Score

Your Score History

You have not taken this quiz